| 000 | 00538nam a2200205Ia 4500 | ||
|---|---|---|---|
| 008 | 180523s9999 xx 000 0 und d | ||
| 020 | _a81-1648-563-2 | ||
| 050 | _aMAIN PE 1115 | ||
| 050 | _b.K54 2004 | ||
| 100 | _aKleiser, Grenville. | ||
| 245 | 0 | _aGood English in business / | |
| 245 | 0 | _cGrenville Kleiser. | |
| 260 | _aNew Delhi : | ||
| 260 | _bAPH Publishing, | ||
| 260 | _c2004 | ||
| 300 | _a153 pages : | ||
| 300 | _c22 cm. | ||
| 650 | _aEnglish language -- Business English. | ||
| 650 | _xCommercial correspondence. | ||
| 999 |
_c357351 _d357351 |
||